Statistics for Ultimate Harry Potter Names - Book 1

Click here to take the quiz!

General Stats

  • This quiz has been taken 62 times
  • The average score is 55 of 76

Answer Stats

First NameSurname% Correct
HarryPotter
100%
HermioneGranger
100%
DudleyDursley
98%
NevilleLongbottom
98%
PetuniaDursley
98%
RonWeasley
98%
RubeusHagrid
98%
VernonDursley
98%
DracoMalfoy
96%
FredWeasley
96%
GeorgeWeasley
96%
GinnyWeasley
96%
HannahAbbott
96%
JamesPotter
96%
KatieBell
96%
LavenderBrown
96%
LilyPotter
96%
MinervaMcGonagall
96%
PercyWeasley
96%
SeamusFinnigan
96%
SeverusSnape
96%
AlbusDumbledore
94%
BillWeasley
94%
DeanThomas
94%
PansyParkinson
94%
SiriusBlack
94%
AngelinaJohnson
92%
GodricGryffindor
92%
Nicholasde Mimsy-Porpington
92%
SusanBones
92%
ArgusFilch
90%
BathildaBagshot
90%
CharlieWeasley
90%
OliverWood
90%
HedwigOwl
88%
MargeDursley
88%
NewtScamander
88%
BlaiseZabini
86%
LeeJordan
86%
MillicentBullstrode
86%
NicolasFlamel
86%
ParvatiPatil
86%
CorneliusFudge
84%
JustinFinch-Fletchley
84%
MarcusFlint
82%
FluffyThree-headed Dog
80%
TerryBoot
80%
AliciaSpinnet
78%
DedalusDiggle
78%
TrevorToad
78%
FirenzeCentaur
73%
ScabbersRat
73%
GriphookGoblin
69%
FangBoar hound
67%
PeevesPoltergeist
67%
PiersPolkiss
67%
BaneCentaur
61%
AdrianPucey
57%
PerenelleFlamel
43%
RonanCentaur
39%
DorisCrockford
35%
MirandaGoshawk
31%
BertieBott
29%
TerenceHiggs
29%
LisaTurpin
24%
MandyBrocklehurst
20%
Sally-AnnePerks
16%
ArseniusJigger
14%
JimMcGuffin
14%
PhyllidaSpore
14%
AdalbertWaffling
12%
EmericSwitch
12%
QuentinTrimble
12%
MoragMacDougal
10%
AlbericGrunnion
8%
VindictusViridian
8%

Score Distribution

Percentile by Number Answered

Percent of People with Each Score

Your Score History

You have not taken this quiz